000 01086nam a2200277Ia 4500
001 Para_2829
003 CHAP
008 220125s1989 xx 000 0 und d
010 _a201248
040 _cCHAP
090 _aPA TESIS 454
100 _aVillegas Elizalde, Saúl Eugenio
_9119752
245 _aIncorporación de Hippocratea excelsa Hippocrateaceae) y cuatro polvos minerales en maíz encostalado para evitar el daño de insectos, en Lerma, Estado de México /
_c por Saúl Eugenio Villegas Elizalde
260 _aChapingo, Méx. :
_b El autor
300 _a76 h.
502 _aTesis (Ing. Agr. Esp. en Parasitología Agrícola) -- UACh. Departamento de Parasitología Agrícola
650 _aPlantas insecticidas Maíz
_x Almacenamiento Maíz
_x Plagas Insecticidas Hippocratea excelsa
_9166140
710 _aI. UACh. Departamento de Parasitología Agrícola
_9164081
901 _aPA TESIS 454
902 _aA
905 _a0000001989 CHA 0000000000 00
910 _a1989
942 _cPARA
942 _cPARA
_d1
999 _c201248
_d201248